Vista normal
Vista MARC
- Campos, Jorge, seud.
Entrada Nombre personal
Número de registros utilizados en: 1
001 - NÚMERO DE CONTROL
- campo de control: 30658
003 - IDENTIFICADOR DEL NÚMERO DE CONTROL
- campo de control: AR-RoBPED
005 - FECHA Y HORA DE LA ÚLTIMA TRANSACCIÓN
- campo de control: 20260326120547.0
008 - DATOS DE LONGITUD FIJA
- campo de control de longitud fija: 260326|| ac|||aabn | a|a d
040 ## - FUENTE DE LA CATALOGACIÓN
- Centro catalogador/agencia de origen: AR-RoBPED
100 ## - ENCABEZAMIENTO-NOMBRE DE PERSONA
- Nombre de persona: Campos, Jorge, seud.
- Fechas asociadas al nombre: 1916-1983
400 ## - TRAZADO DE VÉASE--NOMBRE DE PERSONA
- Nombre de persona: Renales Fernández, Jorge
- Fechas asociadas al nombre: 1916-1983